BIBLIOTECA “JULIO CORTÁZAR”
ESCUELA AGROTÉCNICA “LIBERTADOR GENERAL SAN MARTÍN” - UNR – CASILDA

Logo Escuela Logo UNR

Por las calles del mundo / (Record no. 1780)

MARC details
000 -LEADER
campo de control de longitud fija 00721nam#a22002535a#4500
001 - NÚMERO DE CONTROL
campo de control 1780
008 - DATOS DE LONGITUD FIJA--INFORMACIÓN GENERAL
campo de control de longitud fija 110418s2009####ag#####e######001#jdspa#d
020 ## - NÚMERO INTERNACIONAL ESTÁNDAR DEL LIBRO
Número Internacional Estándar del Libro 9789508602206
080 ## - NÚMERO DE LA CLASIFICACIÓN DECIMAL UNIVERSAL
Número de la Clasificación Decimal Universal 860(83)-3
084 ## - OTRO NÚMERO DE CLASIFICACIÓN
Número de clasificación D33
040 ## - FUENTE DE CATALOGACIÓN
Centro catalogador/agencia de origen AR-ClEAG
Centro/agencia transcriptor AR-ClEAG
005 - FECHA Y HORA DE LA ÚLTIMA TRANSACCIÓN
campo de control 20241107184721.0
003 - IDENTIFICADOR DE NÚMERO DE CONTROL
campo de control AR-ClEAG
100 1# - ENTRADA PRINCIPAL--NOMBRE DE PERSONA
Nombre de persona Délano, Poli.
245 10 - MENCIÓN DEL TÍTULO
Título Por las calles del mundo /
Mención de responsabilidad, etc. Poli Délano ; dirigido por Mario José Grabivker.
250 ## - MENCION DE EDICION
Mención de edición 1ª ed.
260 ## - PUBLICACIÓN, DISTRIBUCIÓN, ETC.
Lugar de publicación, distribución, etc. Buenos Aires :
Nombre del editor, distribuidor, etc. Instituto Movilizador de Fondos Cooperativos,
Fecha de publicación, distribución, etc. 2009.
300 ## - DESCRIPCIÓN FÍSICA
Extensión 127 p. ;
Dimensiones 20 cm.
490 0# - MENCIÓN DE SERIE
Mención de serie Desde la Gente
653 ## - TÉRMINO DE INDIZACIÓN--NO CONTROLADO
Término no controlado Literatura chilena
653 ## - TÉRMINO DE INDIZACIÓN--NO CONTROLADO
Término no controlado Narrativa chilena
700 1# - ENTRADA AGREGADA--NOMBRE PERSONAL
Nombre de persona Grabivker, José,
Término indicativo de función/relación director.
Relación drt
942 ## - ELEMENTOS DE ENTRADA SECUNDARIOS (KOHA)
Tipo de ítem Koha Libros
980 ## - EQUIVALENCIA O REFERENCIA-CRUZADA-MENCIÓN DE SERIE--NOMBRE DE PERSONA/TÍTULO [LOCAL, CANADÁ]
Enlace 2
Nombre de persona Evangelina Gallicchio
Enlace entre campo y número de secuencia 2
Información miscelánea Evangelina Gallicchio
Holdings
Estatus retirado Estado de pérdida Fuente del sistema de clasificación o colocación Estado de daño No para préstamo Biblioteca de origen Biblioteca actual Ubicación en estantería Fecha de adquisición Número de inventario Total de préstamos Signatura topográfica completa Código de barras Visto por última vez Precio de reemplazo Tipo de ítem Koha
    Clasificación decimal universal     Julio Cortázar Julio Cortázar   07/11/2024 3653   R20 860(83)-3 D33 Ej.1 3653 07/11/2024 07/11/2024 Libros

Contacto

Biblioteca Julio Cortázar. Escuela Agrotécnica "Libertador San Martín". Universidad Nacional de Rosario
Dirección: Ov. Lagos 1000 - 2170 Casilda - Santa Fe - Argentina
Tel: (54) (03464) 422226.
Fax: (54) (03464) 427789.
E-Mail: biblio-eac@unr.edu.ar